LEADER 01090nam a2200253 i 4500 001 000000154446 003 CaOOAMICUS 005 20130318000000.0 008 130318s1989 it u000 u ita u 013 $a131792 020 $a88-8025-090-1 040 $aSeMil$bita 100 1 $aMartini, Carlo Maria,$c.$0(OLS)http://semarc/name/89159 245 10$aAndare d'accordo in famiglia /$cCarlo Maria Martini. 260 $aMilano :$bCentro Ambrosiano,$c1989. 300 $a30 p. ;$c17 cm. 650 4$aMilano (Arcidiocesi) - Pastorale.$0(OLS)http://semarc/subject/9774 650 4$aMartini, Carlo Maria - Piani pastorali.$0(OLS)http://semarc/subject/4421 850 $aSeMil 852 $aSeMil$W1$xVenegono$y1$m5D V 19/12$j106304$B106304$CSeMilBibl$Z2$F115551 $81 961 $aRecupero: Altro 996 $6020$a88-8025-090-1$9(OLS)http://semarc/number/144379 996 $6245$aAndare d'accordo in famiglia$9(OLS)http://semarc/title/226044 996 $6260$aMilano :$bCentro Ambrosiano$9(OLS)http://semarc/publisher/29766 LEADER 00971nam a2200205 i 4500 001 000000036256 003 CaOOAMICUS 005 20160308000000.0 008 160308s1794 xx u000 u lat u 013 $a5510 026 $ariim 5843 e-i- viri (3) 1794 (R) 040 $aSeMil$bita 245 10$aPars hyemalis 1. A Dominica prima Adventus usque ad Circumcisionem Domini. 300 $a[16], 368, 260, [8] p. 773 0 $tMissale ambrosianum depromptum ab edito an. 1768. Joseph cardinalis Puteobonelli archiepiscopi auctoritate recognito.$dMediolani : E praelis Fratrum Pirola, 1794.$g1$w()10136 850 $aSeMil 852 $aSeMil$W1$xVenegono$y1$m3K II 72 FA$j2411$B2411$CSeMilBibl$Z2$F2411 $8I 852 $aSeMil$W1$xVenegono$y1$m3K II 155 FA$j200482$B200482$CSeMilBibl$Z2$F212232 $8I 961 $aLascito: Martini Card. Carlo Maria 996 $6245$aPars hyemalis 1. A Dominica prima Adventus usque ad Circumcisionem Domini$9(OLS)http://semarc/title/50078